000
00220 a2200097 4500
001
38409
100
_a
Horsely M
245
_a
Engineering thermodynamics
260
_a
G Br
_b
Chapman& Hall
_c
1993
090
_c
24395
_d
24395
942
_a
NUST-CAE
_c
M
_c
15997
999
_c
273482
_d
273482